LEADER 00584nas 2200181z- 450 001 9910892892103321 005 20260324110052.0 035 $a(CKB)5710000000113711 035 $a(DE-599)2555053-6 035 $a(EXLCZ)995710000000113711 100 $a20230403cuuuuuuuu -u- - 101 0 $aeng 200 00$aMitteilungen / Sächsischer Heimatschutz, Landesverein zur Pflege Heimatlicher Natur, Kunst und Bauweise 210 $cLandesverein zur Pflege Heimatlicher Natur, Kunst und Bauweise 906 $aJOURNAL 912 $a9910892892103321 996 $aMitteilungen$91921076 997 $aUNINA